[Event "Quebec Olympiade"]
[Site "Quebec"]
[Date "2018.11.28"]
[Round "3"]
[White "Cossette, Daniel"]
[Black "Bernatchez, Dan"]
[Result "0-1"]
[WhiteElo "2033"]
[BlackElo "1975"]
[PlyCount "114"]
[EventDate "2018.11.14"]
[EventType "swiss"]
[EventRounds "5"]
[EventCountry "CAN"]
[SourceTitle "EXT 2022"]
[Source "ChessBase"]
[SourceDate "2021.10.06"]
[SourceVersion "1"]
[SourceVersionDate "2021.10.06"]
[SourceQuality "1"]

1. e4 c6 2. d4 d5 3. exd5 cxd5 4. c4 Nf6 5. Nc3 g6 6. Qb3 Bg7 7. cxd5 0-0 8. Be2 Nbd7 9. Bf3 Nb6 10. Bf4 Re8 11. Nge2 Bg4 12. Bxg4 Nxg4 13. 0-0 Qd7 14. Rfe1 Nf6 15. d6 exd6 16. Nb5 Nh5 17. Bd2 d5 18. a4 a6 19. Nbc3 Nc4 20. Rad1 Re6 21. Qc2 Rae8 22. b3 Nxd2 23. Qxd2 Bf8 24. Na2 Bd6 25. Ng3 Nf4 26. Rxe6 Qxe6 27. Nb4 h5 28. Nc2 h4 29. Re1 Qc8 30. Rxe8+ Qxe8 31. Nf1 h3 32. Nce3 Qe4 33. f3 Qxd4 34. Qxd4 Ne2+ 35. Kf2 Nxd4 36. gxh3 Nxb3 37. Nxd5 Nc5 38. Nf6+ Kf8 39. Ne4 Nxe4+ 40. fxe4 b5 41. axb5 axb5 42. Ke3 Be5 43. Kd3 Ke7 44. Ne3 Kd6 45. Ng4 f6 46. h4 Kc5 47. h3 b4 48. Kc2 Kc4 49. h5 gxh5 50. Ne3+ Kd4 51. Nf5+ Kxe4 52. Ng7 h4 53. Kb3 f5 54. Nxf5 Kxf5 55. Kxb4 Kf4 56. Kc4 Kg3 57. Kd5 Kxh3 0-1

[Event "Quebec Olympiade"]
[Site "Quebec"]
[Date "2018.11.21"]
[Round "2"]
[White "Marquis, Paul"]
[Black "Cossette, Daniel"]
[Result "1/2-1/2"]
[WhiteElo "1924"]
[BlackElo "2033"]
[PlyCount "52"]
[EventDate "2018.11.14"]
[EventType "swiss"]
[EventRounds "5"]
[EventCountry "CAN"]
[SourceTitle "EXT 2022"]
[Source "ChessBase"]
[SourceDate "2021.10.06"]
[SourceVersion "1"]
[SourceVersionDate "2021.10.06"]
[SourceQuality "1"]

1. e4 c5 2. Nc3 Nc6 3. g3 g6 4. Bg2 Bg7 5. f4 d6 6. Nf3 Rb8 7. a4 Nd4 8. 0-0 Bg4 9. Nd5 e6 10. Ne3 Bxf3 11. Bxf3 Nxf3+ 12. Qxf3 Ne7 13. f5 exf5 14. exf5 Nxf5 15. Nxf5 gxf5 16. Re1+ Kf8 17. Qxf5 Qf6 18. Qxf6 Bxf6 19. Ra3 Kg7 20. Kg2 Rbe8 21. Rae3 Rxe3 22. Rxe3 Rd8 23. d3 d5 24. b3 Rd6 25. Re2 Kg6 26. Bf4 Rd7 1/2-1/2

[Event "Quebec Millenium"]
[Site "Quebec"]
[Date "2018.11.07"]
[Round "5"]
[White "Cossette, Daniel"]
[Black "Laprade, Jean Jr"]
[Result "1-0"]
[WhiteElo "2084"]
[BlackElo "1651"]
[PlyCount "79"]
[EventDate "2018.10.10"]
[EventType "swiss"]
[EventRounds "5"]
[EventCountry "CAN"]
[SourceTitle "EXT 2022"]
[Source "ChessBase"]
[SourceDate "2021.10.06"]
[SourceVersion "1"]
[SourceVersionDate "2021.10.06"]
[SourceQuality "1"]

1. e4 c5 2. Nf3 d6 3. Bb5+ Bd7 4. Bxd7+ Nxd7 5. d4 cxd4 6. Qxd4 Ngf6 7. 0-0 Qb6 8. Re1 Qxd4 9. Nxd4 a6 10. c4 g6 11. f3 Bg7 12. Be3 0-0 13. Nd2 Rac8 14. b4 Ne5 15. Rec1 Nfd7 16. Rab1 Nc6 17. Nxc6 bxc6 18. Nb3 Rb8 19. Na5 Rfc8 20. Kf1 Kf8 21. a3 h5 22. Ke2 f6 23. c5 dxc5 24. Bxc5 Nxc5 25. Rxc5 Rb6 26. Rbc1 Bh6 27. Rxc6 Rbxc6 28. Rxc6 Rxc6 29. Nxc6 Bc1 30. a4 Bf4 31. g3 Bd6 32. Kd3 Ke8 33. Kc4 Kd7 34. b5 Kc7 35. Nd4 Kb6 36. bxa6 Kxa6 37. Kd5 Ka5 38. Ke6 Kxa4 39. Nc6 g5 40. Nxe7 1-0

[Event "Quebec Alekhine"]
[Site "Quebec"]
[Date "2018.09.26"]
[Round "4"]
[White "Cossette, Daniel"]
[Black "Marquis, Paul"]
[Result "1-0"]
[WhiteElo "2084"]
[BlackElo "1898"]
[PlyCount "117"]
[EventDate "2018.09.05"]
[EventType "swiss"]
[EventRounds "5"]
[EventCountry "CAN"]
[SourceTitle "EXT 2022"]
[Source "ChessBase"]
[SourceDate "2021.10.06"]
[SourceVersion "1"]
[SourceVersionDate "2021.10.06"]
[SourceQuality "1"]

1. e4 e6 2. d4 d5 3. Nc3 Bb4 4. e5 c5 5. Qg4 Ne7 6. dxc5 Nbc6 7. Bd2 Bxc3 8. bxc3 Nf5 9. Nf3 Qc7 10. Bb5 Bd7 11. Bxc6 Bxc6 12. 0-0 Bb5 13. Rfe1 Qxc5 14. Rab1 0-0-0 15. Nd4 Bd7 16. Nxf5 exf5 17. Qd4 Qxd4 18. cxd4 Rde8 19. Bb4 Re6 20. Bd6 Bc6 21. Red1 b6 22. c4 Kd7 23. cxd5 Bxd5 24. Rbc1 Rc8 25. Rxc8 Kxc8 26. Rc1+ Kd8 27. Rc7 Rg6 28. g3 Rg4 29. f4 g5 30. e6 Bxe6 31. Rxa7 gxf4 32. Bxf4 b5 33. a3 Rg6 34. Kf2 Bd5 35. Be5 Rc6 36. Ke3 Rc4 37. Kf4 Be6 38. Kg5 Ra4 39. Rxa4 bxa4 40. Bf6+ Ke8 41. Kh6 f4 42. g4 Bxg4 43. Kxh7 Bh3 44. Kh6 f3 45. Bh4 Kd7 46. Kg5 Ke6 47. Kf4 Bg2 48. Bf2 Kf6 49. h4 Bf1 50. Kxf3 Bd3 51. Ke3 Bc4 52. Ke4 Ke6 53. h5 Bd5+ 54. Kd3 Kf6 55. h6 Kg6 56. Be3 f5 57. Kc3 Kh7 58. Kb4 Bb3 59. Kc5 1-0

[Event "Quebec Botvinnick"]
[Site "Quebec"]
[Date "2018.02.05"]
[Round "2"]
[White "Bluteau, Yvon"]
[Black "Cossette, Daniel"]
[Result "0-1"]
[WhiteElo "1767"]
[BlackElo "2078"]
[PlyCount "94"]
[EventDate "2018.01.29"]
[EventType "swiss"]
[EventRounds "5"]
[EventCountry "CAN"]
[SourceTitle "EXT 2022"]
[Source "ChessBase"]
[SourceDate "2021.10.06"]
[SourceVersion "1"]
[SourceVersionDate "2021.10.06"]
[SourceQuality "1"]

1. Nf3 d5 2. d4 e6 3. g3 c5 4. c3 Nf6 5. Bg2 Nc6 6. 0-0 Be7 7. Bg5 Ne4 8. Bxe7 Qxe7 9. Nbd2 f5 10. dxc5 Qxc5 11. Nb3 Qe7 12. Nbd4 0-0 13. Nxc6 bxc6 14. Nd2 Bd7 15. Nxe4 fxe4 16. Qd2 Rad8 17. f3 exf3 18. Rxf3 Rxf3 19. Bxf3 e5 20. Qe3 Be8 21. Rd1 Bf7 22. b3 Qc7 23. Qc5 Qb6 24. Qxb6 axb6 25. c4 Kf8 26. cxd5 cxd5 27. Rc1 Ke7 28. Kf2 Kd6 29. e3 Ra8 30. a4 Ra5 31. Bd1 Rc5 32. Rb1 Bg6 33. Rb2 Rc1 34. Ke1 Bh5 35. Rd2 Bxd1 36. Rxd1 Rxd1+ 37. Kxd1 Kc5 38. Kd2 Kb4 39. Kc2 d4 40. exd4 exd4 41. h3 d3+ 42. Kxd3 Kxb3 43. Kd4 Kxa4 44. Kc4 b5+ 45. Kc3 Ka3 46. g4 b4+ 47. Kc2 Ka2 0-1

[Event "Quebec Capablanca"]
[Site "Quebec"]
[Date "2018.01.09"]
[Round "4"]
[White "Cossette, Daniel"]
[Black "Picard, Christian"]
[Result "1-0"]
[WhiteElo "2078"]
[BlackElo "1668"]
[PlyCount "63"]
[EventDate "2017.12.04"]
[EventType "swiss"]
[EventRounds "5"]
[EventCountry "CAN"]
[SourceTitle "EXT 2022"]
[Source "ChessBase"]
[SourceDate "2021.10.06"]
[SourceVersion "1"]
[SourceVersionDate "2021.10.06"]
[SourceQuality "1"]

1. e4 d5 2. exd5 Qxd5 3. Nc3 Qa5 4. d4 c6 5. Bc4 Nf6 6. Bd2 Qc7 7. Qe2 Bf5 8. 0-0-0 e6 9. Nf3 Nbd7 10. Ne5 Bd6 11. Rhe1 Nd5 12. g4 Bg6 13. h4 Bxe5 14. dxe5 h6 15. f4 0-0-0 16. Ne4 Bxe4 17. Qxe4 Nc5 18. Qf3 Rd7 19. Qa3 Na6 20. Bxa6 bxa6 21. Qxa6+ Qb7 22. Qxb7+ Rxb7 23. c4 Ne7 24. h5 g6 25. hxg6 fxg6 26. Be3 Rd8 27. Rxd8+ Kxd8 28. Rd1+ Ke8 29. Bc5 h5 30. gxh5 gxh5 31. Rh1 Nf5 32. Rxh5 1-0

[Event "Quebec Capablanca"]
[Site "Quebec"]
[Date "2017.12.04"]
[Round "1"]
[White "Cossette, Daniel"]
[Black "Boissinot, Claude"]
[Result "1-0"]
[WhiteElo "2078"]
[BlackElo "1511"]
[PlyCount "107"]
[EventDate "2017.12.04"]
[EventType "swiss"]
[EventRounds "5"]
[EventCountry "CAN"]
[SourceTitle "EXT 2022"]
[Source "ChessBase"]
[SourceDate "2021.10.06"]
[SourceVersion "1"]
[SourceVersionDate "2021.10.06"]
[SourceQuality "1"]

1. e4 c5 2. Nf3 e6 3. d4 cxd4 4. Nxd4 Nf6 5. Nc3 d6 6. Be2 a6 7. 0-0 Qc7 8. Be3 b5 9. a3 Bb7 10. f3 Nbd7 11. Qd2 Be7 12. Rfd1 0-0 13. Nb3 Ne5 14. Qe1 d5 15. exd5 Bxd5 16. Qf2 Rac8 17. Rd2 Nc4 18. Bxc4 bxc4 19. Nd4 Bd6 20. g3 Kh8 21. Nce2 Bb7 22. Rad1 Bc5 23. c3 e5 24. Nc2 Bxe3 25. Nxe3 Qc6 26. Nd5 Nxd5 27. Rxd5 Qh6 28. Rxe5 Qf6 29. Re3 Qb6 30. Nd4 g6 31. Rde1 Qf6 32. Re7 Bd5 33. Qe3 Kg8 34. Qe5 Qxe5 35. R1xe5 Ba8 36. Ra7 Rb8 37. Ree7 Rxb2 38. Ne6 Bd5 39. Nxf8 Kxf8 40. Re3 Rb6 41. g4 Be6 42. Kf2 Rd6 43. g5 Rd2+ 44. Kg3 Rd6 45. Kf4 Kg7 46. a4 Rc6 47. a5 Rd6 48. Rb7 Bc8 49. Rb6 Rd5 50. Re5 Rxe5 51. Kxe5 Be6 52. Rxa6 Bc8 53. Rc6 Bb7 54. Rxc4 1-0

[Event "Quebec Millenium"]
[Site "Quebec"]
[Date "2017.11.20"]
[Round "4"]
[White "Cossette, Daniel"]
[Black "Bonneau, Daniel"]
[Result "1-0"]
[WhiteElo "2078"]
[BlackElo "2020"]
[PlyCount "75"]
[EventDate "2017.10.30"]
[EventType "swiss"]
[EventRounds "5"]
[EventCountry "CAN"]
[SourceTitle "EXT 2022"]
[Source "ChessBase"]
[SourceDate "2021.10.06"]
[SourceVersion "1"]
[SourceVersionDate "2021.10.06"]
[SourceQuality "1"]

1. e4 d6 2. d4 Nf6 3. Nc3 g6 4. Nf3 Bg7 5. h3 0-0 6. Be3 a6 7. a4 b6 8. e5 Nfd7 9. h4 dxe5 10. h5 exd4 11. Bxd4 e5 12. Be3 Bb7 13. hxg6 hxg6 14. Bc4 e4 15. Ng5 Ne5 16. Qe2 Nxc4 17. Qxc4 Qe7 18. Rd1 c5 19. a5 b5 20. Qxc5 Qxc5 21. Bxc5 Re8 22. Be3 Bf6 23. Nh3 Rd8 24. Nf4 Rxd1+ 25. Kxd1 Nd7 26. Kc1 Ne5 27. Nfd5 Bd8 28. Nb6 Rb8 29. Ncd5 Bxd5 30. Nxd5 Nc6 31. b4 Rb7 32. c3 Rd7 33. Rd1 Kg7 34. Bb6 Bg5+ 35. Kc2 Ne7 36. Nc7 Rxd1 37. Kxd1 Bf6 38. Ne8+ 1-0

[Event "Quebec Alekhine"]
[Site "Quebec"]
[Date "2017.10.09"]
[Round "5"]
[White "Lessard, Claude"]
[Black "Cossette, Daniel"]
[Result "0-1"]
[WhiteElo "2124"]
[BlackElo "2065"]
[PlyCount "50"]
[EventDate "2017.09.11"]
[EventType "swiss"]
[EventRounds "5"]
[EventCountry "CAN"]
[SourceTitle "EXT 2022"]
[Source "ChessBase"]
[SourceDate "2021.10.06"]
[SourceVersion "1"]
[SourceVersionDate "2021.10.06"]
[SourceQuality "1"]

1. d4 d5 2. Nf3 e6 3. e3 Nf6 4. Bd3 c5 5. b3 Nc6 6. a3 Bd6 7. 0-0 0-0 8. Bb2 b6 9. Ne5 Bb7 10. Nd2 Qc7 11. f4 Ne7 12. Qf3 c4 13. bxc4 dxc4 14. Qe2 cxd3 15. cxd3 Rac8 16. Rac1 Qb8 17. Ndc4 b5 18. Nxd6 Qxd6 19. e4 Rxc1 20. Rxc1 Rc8 21. Rxc8+ Nxc8 22. Qd2 Nb6 23. Nf3 Nfd7 24. f5 exf5 25. Qg5 fxe4 0-1

[Event "Quebec Khalif"]
[Site "Quebec"]
[Date "2017.04.10"]
[Round "4"]
[White "Gaulin, Gaetan"]
[Black "Cossette, Daniel"]
[Result "0-1"]
[WhiteElo "1964"]
[BlackElo "2089"]
[PlyCount "60"]
[EventDate "2017.03.20"]
[EventType "swiss"]
[EventRounds "5"]
[EventCountry "CAN"]
[SourceTitle "EXT 2022"]
[Source "ChessBase"]
[SourceDate "2021.10.06"]
[SourceVersion "1"]
[SourceVersionDate "2021.10.06"]
[SourceQuality "1"]

1. Nf3 d5 2. g3 c5 3. Bg2 Nc6 4. d4 e6 5. 0-0 Nf6 6. c4 Be7 7. Nc3 0-0 8. cxd5 exd5 9. Bg5 c4 10. Ne5 Be6 11. Nxc6 bxc6 12. Qd2 Rb8 13. Bf4 Rb4 14. f3 c5 15. Kh1 cxd4 16. Qxd4 Qb6 17. Qxb6 Rxb6 18. Be5 Nd7 19. Bd4 Bc5 20. Rfd1 Bxd4 21. Rxd4 Rxb2 22. Nxd5 Bxd5 23. Rxd5 Nb6 24. Rc5 Rd8 25. a4 a5 26. Bf1 g6 27. Rxa5 c3 28. Rc5 c2 29. a5 Nd7 30. Rc3 Rb1 0-1

[Event "Quebec Capablanca"]
[Site "Quebec"]
[Date "2017.01.05"]
[Round "3"]
[White "Flor, Gerson"]
[Black "Cossette, Daniel"]
[Result "0-1"]
[WhiteElo "1234"]
[BlackElo "2089"]
[PlyCount "98"]
[EventDate "2016.12.12"]
[EventType "swiss"]
[EventRounds "5"]
[EventCountry "CAN"]
[SourceTitle "EXT 2022"]
[Source "ChessBase"]
[SourceDate "2021.10.06"]
[SourceVersion "1"]
[SourceVersionDate "2021.10.06"]
[SourceQuality "1"]

1. d4 d5 2. c4 e6 3. Nc3 c5 4. Nf3 Nc6 5. e3 Nf6 6. a3 a6 7. cxd5 exd5 8. Be2 Bg4 9. 0-0 Rc8 10. b3 Bd6 11. Rb1 0-0 12. b4 cxb4 13. Na4 Bf5 14. Bd3 Bxd3 15. Qxd3 b5 16. Nc5 Bxc5 17. dxc5 bxa3 18. Bxa3 Na5 19. Rfc1 Nc4 20. c6 Re8 21. Nd4 Ne4 22. Ra1 Qg5 23. Rc2 Nxf2 24. Rxf2 Rxe3 25. Qf1 Rxa3 26. Rxa3 Nxa3 27. Rxf7 Qe3+ 28. Qf2 Qc1+ 29. Qf1 Qxf1+ 30. Rxf1 Nc4 31. Ra1 a5 32. Rb1 b4 33. Ra1 Kf7 34. Rf1+ Ke7 35. Re1+ Kd6 36. Re6+ Kc5 37. Nb3+ Kb6 38. Nd4 a4 39. Re7 Rc7 40. Rd7 Rxd7 41. cxd7 Kc7 42. d8Q+ Kxd8 43. Nc6+ Kc7 44. Nxb4 Kd6 45. Kf2 Kc5 46. Nd3+ Kd4 47. Ke2 a3 48. Ne1 a2 49. g4 Kc3 0-1

[Event "Quebec Capablanca"]
[Site "Quebec"]
[Date "2016.12.24"]
[Round "2"]
[White "Cossette, Daniel"]
[Black "Potvin, Alain Nicolas"]
[Result "1-0"]
[WhiteElo "2089"]
[BlackElo "1764"]
[PlyCount "75"]
[EventDate "2016.12.12"]
[EventType "swiss"]
[EventRounds "5"]
[EventCountry "CAN"]
[SourceTitle "EXT 2022"]
[Source "ChessBase"]
[SourceDate "2021.10.06"]
[SourceVersion "1"]
[SourceVersionDate "2021.10.06"]
[SourceQuality "1"]

1. e4 d6 2. d4 Nf6 3. Nc3 g6 4. Bc4 Bg7 5. Qe2 0-0 6. e5 dxe5 7. dxe5 Ng4 8. e6 f5 9. Nf3 Nc6 10. Bf4 Nd4 11. Nxd4 Bxd4 12. 0-0 c6 13. h3 Nf6 14. Rad1 Qb6 15. Na4 Qb4 16. Rxd4 Qxa4 17. Bh6 Re8 18. Rfd1 b5 19. Bb3 Qa5 20. c4 c5 21. R4d2 b4 22. f3 Qb6 23. Ba4 Bxe6 24. Bxe8 Rxe8 25. b3 Kf7 26. Qe5 a5 27. Bf4 a4 28. Qc7 Qxc7 29. Bxc7 Rc8 30. Be5 axb3 31. axb3 Ne8 32. Rd8 Rc6 33. Ra8 Nd6 34. Rh8 h5 35. Rh7+ Ke8 36. Bxd6 Rxd6 37. Ra1 Bc8 38. Rh8+ 1-0

[Event "Quebec Khalif"]
[Site "Quebec"]
[Date "2016.04.16"]
[Round "4"]
[White "Cossette, Daniel"]
[Black "Lessard, Claude"]
[Result "1/2-1/2"]
[WhiteElo "2066"]
[BlackElo "2036"]
[PlyCount "70"]
[EventDate "2016.03.21"]
[EventType "tourn"]
[EventRounds "5"]
[EventCountry "CAN"]
[SourceTitle "EXT 2022"]
[Source "ChessBase"]
[SourceDate "2021.10.06"]
[SourceVersion "1"]
[SourceVersionDate "2021.10.06"]
[SourceQuality "1"]

1. e4 d6 2. d4 Nf6 3. Nc3 g6 4. Nf3 Bg7 5. h3 0-0 6. Be3 Na6 7. Be2 c5 8. Qd2 cxd4 9. Nxd4 Nc5 10. f3 a5 11. a4 Nh5 12. 0-0-0 Ng3 13. Rhg1 Nxe2+ 14. Ndxe2 Be6 15. Bh6 Qb6 16. Bxg7 Kxg7 17. Nf4 Qb4 18. Nd3 Nxd3+ 19. Qxd3 Rfc8 20. Qd4+ f6 21. Nd5 Bxd5 22. exd5 Rc4 23. Qe3 Re8 24. b3 Qa3+ 25. Kb1 Rxa4 26. Qc3 Rf4 27. Rd4 Rxd4 28. Qxd4 b5 29. Re1 Kf7 30. Qh4 h5 31. g4 Qb4 32. Re4 Qc3 33. gxh5 g5 34. Qg4 a4 35. Qf5 axb3 1/2-1/2

[Event "Quebec Capablanca"]
[Site "Quebec"]
[Date "2015.11.09"]
[Round "1"]
[White "Lalonde, Stephane"]
[Black "Cossette, Daniel"]
[Result "0-1"]
[WhiteElo "1648"]
[BlackElo "2034"]
[PlyCount "46"]
[EventDate "2015.11.09"]
[EventType "swiss"]
[EventRounds "5"]
[EventCountry "CAN"]
[SourceTitle "EXT 2022"]
[Source "ChessBase"]
[SourceDate "2021.10.06"]
[SourceVersion "1"]
[SourceVersionDate "2021.10.06"]
[SourceQuality "1"]

1. e4 c5 2. Nf3 Nc6 3. d4 cxd4 4. Nxd4 Nf6 5. Nc3 g6 6. Be3 Bg7 7. Qd2 0-0 8. Be2 d5 9. exd5 Nxd5 10. Nxd5 Qxd5 11. Bf3 Qd6 12. 0-0-0 Ne5 13. Be2 Ng4 14. Bxg4 Bxg4 15. f3 Be6 16. Nxe6 Qxe6 17. Kb1 Qf6 18. Bd4 e5 19. Bc3 Rfd8 20. Qe3 Qa6 21. Rd2 b5 22. Rhd1 Rxd2 23. Rxd2 b4 0-1

[Event "Millenium"]
[Site "Charlesbourg"]
[Date "2015.11.02"]
[Round "5"]
[White "Bluteau, Yvon"]
[Black "Cossette, Daniel"]
[Result "0-1"]
[WhiteElo "1976"]
[BlackElo "1992"]
[PlyCount "88"]
[EventDate "2015.10.05"]
[EventType "swiss"]
[EventRounds "5"]
[EventCountry "CAN"]
[SourceTitle "EXT 2019"]
[Source "ChessBase"]
[SourceDate "2018.10.10"]
[SourceVersion "1"]
[SourceVersionDate "2018.10.10"]
[SourceQuality "1"]

1. b3 d5 2. Bb2 c5 3. e3 e6 4. Nf3 Nf6 5. c4 Be7 6. cxd5 exd5 7. d4 0-0 8. Bd3 Nc6 9. Nbd2 Bg4 10. 0-0 cxd4 11. exd4 Bb4 12. h3 Bh5 13. g4 Bg6 14. Bxg6 fxg6 15. Re1 Qd6 16. Re3 Rae8 17. Ne5 Bxd2 18. Qxd2 Ne4 19. Rxe4 dxe4 20. Qc3 Nxe5 21. dxe5 Qd3 22. Re1 Rc8 23. Qxd3 exd3 24. e6 Rfe8 25. e7 d2 26. Rd1 Rc2 27. Ba3 Rxe7 28. Kf1 Re1+ 29. Rxe1 dxe1Q+ 30. Kxe1 Rxa2 31. Bc5 Kf7 32. Kf1 Ke6 33. Bd4 Ra3 34. b4 b6 35. Kg2 Rb3 36. Bxg7 Rxb4 37. Kg3 a5 38. h4 b5 39. f4 Rb3+ 40. Kg2 a4 41. h5 b4 42. f5+ gxf5 43. g5 Kf7 44. Be5 a3 0-1

[Event "Charlesbourg Alekhine op"]
[Site "Charlesbourg"]
[Date "2015.08.31"]
[Round "1"]
[White "Abran, David"]
[Black "Cossette, Daniel"]
[Result "0-1"]
[WhiteElo "1854"]
[BlackElo "2046"]
[PlyCount "108"]
[EventDate "2015.08.31"]
[EventType "tourn"]
[EventRounds "5"]
[EventCountry "CAN"]
[SourceTitle "EXT 2019"]
[Source "ChessBase"]
[SourceDate "2018.10.10"]
[SourceVersion "1"]
[SourceVersionDate "2018.10.10"]
[SourceQuality "1"]

1. d4 d5 2. c4 e6 3. Nc3 c5 4. cxd5 exd5 5. Nf3 Nc6 6. g3 Nf6 7. Bg2 Be7 8. 0-0 0-0 9. h3 Be6 10. Be3 c4 11. Ne5 Rc8 12. Nxc6 Rxc6 13. f3 Qa5 14. Bf2 b5 15. a3 Qb6 16. e4 a5 17. f4 b4 18. Nxd5 Bxd5 19. exd5 Rc7 20. Re1 Bd6 21. Re5 c3 22. bxc3 bxc3 23. Re2 Rfc8 24. Qc2 a4 25. Rb1 Qa5 26. h4 h5 27. Bh3 Ng4 28. Bxg4 hxg4 29. Rbe1 Qxd5 30. Qxa4 c2 31. Rc1 Qa2 32. Re8+ Rxe8 33. Qxe8+ Kh7 34. Qe4+ g6 35. f5 Bxa3 36. fxg6+ fxg6 37. Be3 Re7 38. Qd3 Rxe3 39. Qxe3 Bxc1 40. Qe7+ Kg8 41. Qe8+ Kg7 42. Qe5+ Kf7 43. Qc7+ Kf8 44. Qb8+ Ke7 45. Qc7+ Ke6 46. Qe5+ Kd7 47. Qb5+ Kc7 48. Qc5+ Kb7 49. Qb5+ Ka7 50. Qc5+ Ka6 51. Qc6+ Ka5 52. Qa8+ Kb4 53. Qxa2 Be3+ 54. Kh2 c1Q 0-1

[Event "Charlesbourg Keres Memorial"]
[Site "Charlesbourg"]
[Date "2015.05.04"]
[Round "1"]
[White "Cossette, Daniel"]
[Black "Lessard, Claude"]
[Result "0-1"]
[WhiteElo "2076"]
[BlackElo "2085"]
[PlyCount "118"]
[EventDate "2015.05.04"]
[EventType "swiss"]
[EventRounds "5"]
[EventCountry "CAN"]
[SourceTitle "EXT 2019"]
[Source "ChessBase"]
[SourceDate "2018.10.10"]
[SourceVersion "1"]
[SourceVersionDate "2018.10.10"]
[SourceQuality "1"]

1. e4 c5 2. Nf3 d6 3. Bb5+ Nd7 4. d4 cxd4 5. Qxd4 a6 6. Bc4 e6 7. a4 Qa5+ 8. Bd2 Qc5 9. Nc3 Qxd4 10. Nxd4 Ngf6 11. 0-0 Ne5 12. Bb3 Bd7 13. f4 Nc6 14. Nxc6 Bxc6 15. Rae1 0-0-0 16. Be3 d5 17. Bb6 dxe4 18. f5 Re8 19. fxe6 fxe6 20. Ne2 Bd6 21. Rd1 Be5 22. c3 Bc7 23. Bxc7 Kxc7 24. Nf4 Bd7 25. Rfe1 g5 26. Nh3 h6 27. Bc2 Bc6 28. a5 Rd8 29. c4 Rxd1 30. Rxd1 Rd8 31. Rxd8 Kxd8 32. Nf2 Kd7 33. Kf1 Kd6 34. b4 Ke5 35. Bd1 Kd4 36. Be2 e3 37. Nd1 Ne4 38. b5 Nd2+ 39. Kg1 Be4 40. Nb2 Nb3 41. bxa6 bxa6 42. g3 Nxa5 43. c5 Kc3 44. Na4+ Kd2 45. Bxa6 e2 46. Bxe2 Kxe2 47. Nb6 Nb7 48. Nd7 Ke3 49. Ne5 Nxc5 50. Ng4+ Kf3 51. Nxh6 Bg6 52. Ng8 e5 53. Nf6 e4 54. Nd5 e3 55. Nxe3 Kxe3 56. Kg2 Bf5 57. h3 Bxh3+ 58. Kxh3 Kf3 59. Kh2 g4 0-1